000 00858nam a22002777a 4500
003 CHAP
005 20220329135432.0
008 971013s1977 mx r 00010 spa d
010 _a36400
011 _a37372
035 _a41492
040 _cCHAP
090 _aFolleto 4453
110 1 _aMéxico. Dirección de Agrología
_976930
245 1 _aBibliografía y publicaciones periódicas sobre sensores remotos
260 _aMéxico, D.F. :
_bLa Dirección,
_c1977
300 _as.p.
590 _aBATCH-UPD
_b10
_c20130110
_lUCH01
_h0121
590 _aBATCH-UPD
_b10
_c20130409
_lUCH01
_h2115
590 _aBATCH-UPD
_b10
_c20130914
_lUCH01
_h2020
590 _aCONVERSION
_b10
_c20130109
_lUCH01
_h1320
650 1 4 _aSensores remotos
_xBibliografía.
_9104428
901 _aBK
942 _cFOLL
949 _aFolleto 4453
_bBC
_cFOLL
_d-95109
_eTS1
_i41492
_mD
_si
999 _c36400
_d36400